000 00509nam a22001817a 4500
005 20240606020241.0
008 240606b |||||||| |||| 00| 0 eng d
082 _222
_a342
_bGlimmer
245 _aA Glimmer of Hope
_bA new phase in constitutional reforms in Sri Lanka
260 _aColombo
_bSouth Asia Peace Institute
_c2006
300 _a199, p .,
650 _aSocial
650 _aEconomic
650 _aPolitical
700 _aLiyanage, Sumanasiri
_eedt
700 _aSinnathamby M.
_eedt
942 _cL
999 _c5883
_d5883